The political and social thought of F M Dostoevsky/ (Record no. 68443)

000 -LEADER
fixed length control field 00524nam a22001697a 4500
020 ## - INTERNATIONAL STANDARD BOOK NUMBER
ISBN 9781138803374
082 ## - DEWEY DECIMAL CLASSIFICATION NUMBER
Classification number 891.733
Item number STE/P
100 ## - MAIN ENTRY--AUTHOR NAME
Personal name Stephen K Carter
245 ## - TITLE STATEMENT
Title The political and social thought of F M Dostoevsky/
Statement of responsibility, etc by Stephen K Carter
260 ## - PUBLICATION, DISTRIBUTION, ETC. (IMPRINT)
Place of publication New York:
Name of publisher Garland Publishing,
Year of publication 1991.
300 ## - PHYSICAL DESCRIPTION
Number of Pages 300p.
490 ## - SERIES STATEMENT
Series statement Routledge library editions: Tolstoy and Dostoevsky
650 ## - SUBJECT ADDED ENTRY--TOPICAL TERM
Topical Term East Indo European and Celtic Literature
650 ## - SUBJECT ADDED ENTRY--TOPICAL TERM
Topical Term Literature East Slavic
650 ## - SUBJECT ADDED ENTRY--TOPICAL TERM
Topical Term Literature
942 ## - ADDED ENTRY ELEMENTS (KOHA)
Koha item type Book
Holdings
Withdrawn status Lost status Damaged status Not for loan Permanent Location Current Location Shelving location Date acquired Cost, normal purchase price Full call number Accession Number Price effective from Koha item type
        Sree Sankaracharya University of Sanskrit Sree Sankaracharya University of Sanskrit Stacks 04.11.2017 2498.94 891.733 STE/P 085879 04.11.2017 Book